Human Relations and Organisational Behaviour (Record no. 933)

MARC details
000 -LEADER
fixed length control field 00452nam a22001817a 4500
005 - DATE AND TIME OF LATEST TRANSACTION
control field 20180726131056.0
008 - FIXED-LENGTH DATA ELEMENTS--GENERAL INFORMATION
fixed length control field 160517b xxu||||| |||| 00| 0 eng d
020 ## - INTERNATIONAL STANDARD BOOK NUMBER
ISBN 033393330-3
041 ## - LANGUAGE CODE
Language code of text/sound track or separate title eng
082 ## - DEWEY DECIMAL CLASSIFICATION NUMBER
Item number 2545
Classification number 658.3
100 ## - MAIN ENTRY--AUTHOR NAME
Personal name Dwivedi, R.S.
245 ## - TITLE STATEMENT
Title Human Relations and Organisational Behaviour
250 ## - EDITION STATEMENT
Edition statement 5th ed.
260 ## - PUBLICATION, DISTRIBUTION, ETC. (IMPRINT)
Name of publisher Mc Millan India Ltd
Year of publication 2003
Place of publication delhi
300 ## - PHYSICAL DESCRIPTION
Number of Pages 886p,
650 ## - SUBJECT ADDED ENTRY--TOPICAL TERM
Topical Term Management
942 ## - ADDED ENTRY ELEMENTS (KOHA)
Koha item type Books
Holdings
Lost status Damaged status Collection code Home library Current library Shelving location Date acquired Cost, normal purchase price Full call number Accession Number Koha item type
    MANAGEMENT JRU Library JRU Library SHELF-64-A 17/05/2016 298.00 658.3 2545 Books